| 000 | 00499nam a22001817a 4500 | ||
|---|---|---|---|
| 999 |
_c188295 _d188295 |
||
| 005 | 20220517152701.0 | ||
| 010 | _aENG-132650 | ||
| 020 |
_a978818858501 _c250.00 |
||
| 035 | _aEN-116182 | ||
| 037 | _bDBAD/PUB | ||
| 082 | _a338.9 | ||
| 100 | _aRanga, Baldeo Das | ||
| 245 |
_aA Man Apart Lion of Marwar/ _cBaldeo Das Ranga |
||
| 260 |
_aBikaner _bRicha Publishers _c2011 |
||
| 270 |
_aBission ka Chowk _bBikaner |
||
| 300 |
_a204p. _c22cm(hbk) |
||
| 942 |
_2ddc _cEN _h338.9 _mRAN |
||